| 000 | 00855nam a2200265Ia 4500 | ||
|---|---|---|---|
| 003 | OSt | ||
| 005 | 20221005084815.0 | ||
| 006 | a|||||r|||| 00| 0 | ||
| 007 | ta | ||
| 008 | 221004b |||||||| |||| 00| 0 eng d | ||
| 020 |
_a9780521885201 (hbk) _c3361.05 |
||
| 024 | _a91251 | ||
| 037 |
_b26575, 18/11/2008, Segment Book Distributors _cTextual |
||
| 040 |
_aCRL _cCRL _beng |
||
| 041 |
_2eng _aeng |
||
| 082 | _aR3xN08:g, P8 | ||
| 100 | _aDeutscher Penelope | ||
| 245 | 0 |
_aPhilosophy of Simone De Beauvoir _b ambiguity, conversion, resistance |
|
| 260 |
_aNew York _bCambrdige University Press U.S.A _c2008 |
||
| 300 |
_axi, 199p. _ccm. |
||
| 490 | _aIdeas in context | ||
| 650 | _aPHILOSOPHY | ||
| 942 |
_hR3xN08:g, P8 _cTEXL _2cc |
||
| 999 |
_c993127 _d993127 |
||